000
00333nam a2200145Ia 4500
008
230718s9999 xx 000 0 und d
041
_a
Eng.
082
_a
340
_b
FIT-S
100
_a
FITZGUALD,M.A
245
0
_a
Salmond Jusispudence
260
_a
Pakistan
_b
Manzoor book house
_c
2010
300
_a
239
650
_a
Law
999
_c
30244
_d
30244